[Event "Next Stop Spain!"]
[Site "SchemingMind.com"]
[Date "2010.01.03"]
[Round "-"]
[White "lame wolf"]
[Black "BigDaddy"]
[Result "0-1"]
[WhiteCountry "INT"]
[BlackCountry "AUT"]
[WhiteElo "1052"]
[WhiteRD "44"]
[BlackElo "1336"]
[BlackRD "50"]
[GameID "233377"]

1. e4 e5 2. Nf3 Nc6 3. Bb5 a6 4. Bxc6 dxc6 5. d4 Bd6 6. dxe5 Bg4 7. O-O Bxf3 8. Qxf3 Bxe5 9. Nd2 Qf6 10. Qxf6 Nxf6
11. c3 O-O 12. Nf3 Ng4 13. g3 f6 14. Be3 Nxe3 15. fxe3 Rad8 16. Nxe5 fxe5 17. Rxf8+ Rxf8 18. Kg2 g5 19. b4 g4 20. h3 Rf3
21. Re1 h5 22. a4 h4 23. gxh4 Rxh3 24. b5 Rxh4 25. Rh1 Rxh1 26. Kxh1 axb5 27. axb5 cxb5 28. Kg2 c5
0-1

[Event "Next Stop Spain!"]
[Site "SchemingMind.com"]
[Date "2010.01.02"]
[Round "-"]
[White "BigDaddy"]
[Black "lame wolf"]
[Result "1-0"]
[WhiteCountry "AUT"]
[BlackCountry "INT"]
[WhiteElo "1336"]
[WhiteRD "50"]
[BlackElo "1052"]
[BlackRD "44"]
[GameID "233378"]

1. e4 e5 2. Nf3 Nc6 3. Bb5 a6 4. Bxc6 dxc6 5. Nc3 c5 6. Nxe5 Be6 7. Qf3 Qf6 8. Qxf6 Nxf6 9. d3 Nd7 10. Nxd7 Bxd7
11. Nd5 Bc6 12. Nxc7+
1-0

[Event "Next Stop Spain!"]
[Site "SchemingMind.com"]
[Date "2010.01.04"]
[Round "-"]
[White "lemmie"]
[Black "lame wolf"]
[Result "1-0"]
[WhiteCountry "NED"]
[BlackCountry "INT"]
[WhiteElo "1630"]
[WhiteRD "48"]
[BlackElo "1052"]
[BlackRD "44"]
[GameID "233572"]

1. e4 e5 2. Nf3 Nc6 3. Bb5 a6 4. Bxc6 dxc6 5. Nxe5 Bd6 6. Nf3 Bg4 7. h3 Bxf3 8. Qxf3 Ne7 9. Nc3 O-O 10. d3 b6
11. Be3 b5 12. a3 a5 13. O-O c5 14. Nxb5 Qb8 15. Nxd6 cxd6 16. Rab1 Re8 17. Qg3 Qc7 18. Bh6 g6 19. Qf4 Qd7 20. Qf6
1-0

[Event "Next Stop Spain!"]
[Site "SchemingMind.com"]
[Date "2010.01.04"]
[Round "-"]
[White "lemmie"]
[Black "BigDaddy"]
[Result "1-0"]
[WhiteCountry "NED"]
[BlackCountry "AUT"]
[WhiteElo "1630"]
[WhiteRD "48"]
[BlackElo "1336"]
[BlackRD "50"]
[GameID "233573"]

1. e4 e5 2. Nf3 Nc6 3. Bb5 a6 4. Bxc6 dxc6 5. O-O Bg4 6. h3 Bxf3 7. Qxf3 Nf6 8. d3 Bd6 9. Bg5 Be7 10. Nc3 Qd6
11. a3 h6 12. Bh4 g5 13. Bg3 O-O 14. Bh2 Nd7 15. Qf5 f6 16. Qg6+ Kh8 17. Qxh6+ Kg8 18. Ne2 Rfe8 19. Ng3 Bf8 20. Qg6+ Kh8
21. Nf5 Qe6 22. h4 Be7 23. Qg7#
1-0

[Event "Next Stop Spain!"]
[Site "SchemingMind.com"]
[Date "2010.01.04"]
[Round "-"]
[White "lame wolf"]
[Black "lemmie"]
[Result "0-1"]
[WhiteCountry "INT"]
[BlackCountry "NED"]
[WhiteElo "1052"]
[WhiteRD "44"]
[BlackElo "1630"]
[BlackRD "48"]
[GameID "233574"]

1. e4 e5 2. Nf3 Nc6 3. Bb5 a6 4. Bxc6 dxc6 5. d4 exd4 6. Qxd4 Be7 7. Be3 Nf6 8. Qxd8+ Bxd8 9. Nc3 O-O 10. O-O Bg4
11. Bc5 Re8 12. b4 Nxe4 13. Nxe4 Rxe4 14. Rae1 Rxe1 15. Nxe1 b6 16. Be3 Bf6 17. Nd3 h6 18. a4 b5 19. axb5 cxb5 20. f3 Bf5
21. Nc5 Bxc2 22. Rc1 Bg6 23. g4 Re8 24. Bf4 c6 25. Nxa6 Bd4+ 26. Kg2 Re2+ 27. Kg3 Bf2+ 28. Kh3 Re6 29. Nc7 Rf6 30. Bg3 Rxf3
31. Kg2 Bxg3 32. Kxf3 Bxc7 33. h3 Bd6 34. h4 f6 35. h5 Be8 36. Ke4 Bxb4 37. Kf5 Bd7+ 38. Kg6 c5
0-1

[Event "Next Stop Spain!"]
[Site "SchemingMind.com"]
[Date "2010.01.04"]
[Round "-"]
[White "BigDaddy"]
[Black "lemmie"]
[Result "1-0"]
[WhiteCountry "AUT"]
[BlackCountry "NED"]
[WhiteElo "1336"]
[WhiteRD "50"]
[BlackElo "1630"]
[BlackRD "48"]
[GameID "233575"]

1. e4 e5 2. Nf3 Nc6 3. Bb5 a6 4. Bxc6 dxc6 5. O-O Bd6 6. d4 exd4 7. Qxd4 Bg4 8. Qxg7 Qf6 9. Qxg4 Ne7 10. Nc3 Rg8
11. Bg5 Qh8 12. Rfe1 h6 13. Bf6 Qxf6 14. Qh4 Qg6 15. g3 O-O-O 16. e5 Nf5 17. Qf6 Qxf6 18. exf6 Rg6 19. Ne4 h5 20. Rad1 h4
21. Kf1 hxg3 22. hxg3 Rh6 23. g4 Nh4 24. g5 Nxf3 25. gxh6 Nxe1 26. Rxe1 Rh8 27. Nxd6+ cxd6 28. Re7 Rxh6 29. Rxf7 Rg6 30. Rf8+ Kc7
31. f7 Rf6 32. Ke2 Kd7 33. Rb8 Kc7 34. f8=Q Rxf8 35. Rxf8 b5 36. Rf7+ Kb6 37. b4 a5 38. c3 c5 39. a3 axb4 40. axb4 Kc6
41. f4 c4 42. f5 Kd5 43. Re7 Kc6 44. f6 d5 45. f7 d4 46. f8=Q dxc3 47. Re6+ Kd5 48. Qd6#
1-0

[Event "Next Stop Spain!"]
[Site "SchemingMind.com"]
[Date "2010.01.06"]
[Round "-"]
[White "Darnell"]
[Black "lame wolf"]
[Result "1-0"]
[WhiteCountry "CAN"]
[BlackCountry "INT"]
[WhiteElo "1421"]
[WhiteRD "69"]
[BlackElo "1052"]
[BlackRD "44"]
[GameID "233790"]

1. e4 e5 2. Nf3 Nc6 3. Bb5 a6 4. Bxc6 dxc6 5. O-O Bd6 6. c3 c5 7. d4 exd4 8. cxd4 cxd4 9. Qxd4 Be6 10. Qxg7 Ne7
11. Qxh8+ Kd7 12. Qxh7 c6 13. Rd1 Qc7 14. e5
1-0

[Event "Next Stop Spain!"]
[Site "SchemingMind.com"]
[Date "2010.01.11"]
[Round "-"]
[White "Darnell"]
[Black "lemmie"]
[Result "0-1"]
[WhiteCountry "CAN"]
[BlackCountry "NED"]
[WhiteElo "1387"]
[WhiteRD "62"]
[BlackElo "1575"]
[BlackRD "51"]
[GameID "233791"]

1. e4 e5 2. Nf3 Nc6 3. Bb5 a6 4. Bxc6 dxc6 5. O-O f6 6. d4 exd4 7. Nxd4 Ne7 8. Be3 Ng6 9. Qh5 Bd6 10. f4 O-O
11. Nc3 c5 12. Qd5+ Kh8 13. Ne6 Bxe6 14. Qxe6 Re8 15. Qf5 b6 16. Rad1 Qe7 17. Rfe1 Rad8 18. Qg4 Qf7 19. Bf2 Bxf4 20. Rxd8 Rxd8
21. Rd1 Bd6 22. Nd5 Ne5 23. Qe2 h6 24. b3 b5
0-1

[Event "Next Stop Spain!"]
[Site "SchemingMind.com"]
[Date "2010.01.06"]
[Round "-"]
[White "Darnell"]
[Black "BigDaddy"]
[Result "1-0"]
[WhiteCountry "CAN"]
[BlackCountry "AUT"]
[WhiteElo "1421"]
[WhiteRD "69"]
[BlackElo "1336"]
[BlackRD "50"]
[GameID "233792"]

1. e4 e5 2. Nf3 Nc6 3. Bb5 a6 4. Bxc6 dxc6 5. O-O Bd6 6. d4 Qe7 7. Re1 Nf6 8. dxe5 Bxe5 9. Nxe5 Qxe5 10. Nd2 Ng4
11. Nf3 Qc5 12. Qd4 Qxd4 13. Nxd4 O-O 14. h3 Ne5 15. Bf4 Nc4 16. b3 Nd6 17. e5 Nf5 18. Nxf5 Bxf5 19. c4 c5 20. g4 g5
21. Bxg5 Bg6 22. f4 Kg7 23. f5 h6 24. Bf6+ Kh7 25. fxg6+ Kxg6 26. Rad1 h5 27. Rd7 hxg4 28. hxg4 Rg8 29. Red1 Kh6 30. g5+ Kg6
31. Rxc7 Rab8 32. Rdd7 Rbf8 33. Rxb7 Rb8 34. Rxf7 Rxb7 35. Rxb7 Rf8 36. Rc7 Rf7 37. Rxc5 Rd7 38. Rd5
1-0

[Event "Next Stop Spain!"]
[Site "SchemingMind.com"]
[Date "2010.01.06"]
[Round "-"]
[White "lame wolf"]
[Black "Darnell"]
[Result "0-1"]
[WhiteCountry "INT"]
[BlackCountry "CAN"]
[WhiteElo "1052"]
[WhiteRD "44"]
[BlackElo "1421"]
[BlackRD "69"]
[GameID "233793"]

1. e4 e5 2. Nf3 Nc6 3. Bb5 a6 4. Bxc6 dxc6 5. d4 exd4 6. Qxd4 Bd6 7. O-O Bg4 8. Qxg7 Bxf3 9. g3 Qf6 10. Qxf6 Nxf6
11. Be3 O-O-O 12. Nd2 Bxe4 13. Rac1 Bg6 14. c4 Bb4 15. Nf3 Rhe8 16. a3 Ng4 17. axb4 Nxe3 18. Rfe1 Ng4 19. Rxe8 Rxe8 20. Re1 Rxe1+
21. Kg2 Be4 22. h3 Ne5
0-1

[Event "Next Stop Spain!"]
[Site "SchemingMind.com"]
[Date "2010.01.11"]
[Round "-"]
[White "lemmie"]
[Black "Darnell"]
[Result "1-0"]
[WhiteCountry "NED"]
[BlackCountry "CAN"]
[WhiteElo "1633"]
[WhiteRD "49"]
[BlackElo "1469"]
[BlackRD "63"]
[GameID "233794"]

1. e4 e5 2. Nf3 Nc6 3. Bb5 a6 4. Bxc6 dxc6 5. Nxe5 Qd4 6. Nf3 Qxe4+ 7. Kf1 Bg4 8. Nc3 Bxf3 9. Qxf3 Qxc2 10. g3 O-O-O
11. Kg2 Nf6 12. Re1 Bc5 13. a3 Rhe8 14. Rxe8 Rxe8 15. Qd1 Qxd1 16. Nxd1 Ng4 17. Ne3 Bd4 18. Nxg4 Re1 19. Ne3
1-0

[Event "Next Stop Spain!"]
[Site "SchemingMind.com"]
[Date "2010.01.06"]
[Round "-"]
[White "BigDaddy"]
[Black "Darnell"]
[Result "0-1"]
[WhiteCountry "AUT"]
[BlackCountry "CAN"]
[WhiteElo "1336"]
[WhiteRD "50"]
[BlackElo "1421"]
[BlackRD "69"]
[GameID "233795"]

1. e4 e5 2. Nf3 Nc6 3. Bb5 a6 4. Bxc6 dxc6 5. O-O f6 6. Nc3 Bg4 7. d3 Qd7 8. g3 Bc5 9. Qe2 Ne7 10. a3 a5
11. Be3 Qd6 12. Bxc5 Qxc5 13. Rfe1 Qd6 14. h4 f5 15. Red1 O-O 16. Qd2 Bxf3 17. Re1 Qd7 18. Qe3 fxe4 19. dxe4 Qh3 20. Qxf3 Rxf3
21. Re3 Rxe3 22. fxe3 Rf8 23. Ne2 Qg4 24. Rf1 Qxe2 25. g4 Rxf1#
0-1

[Event "Next Stop Spain!"]
[Site "SchemingMind.com"]
[Date "2010.01.13"]
[Round "-"]
[White "jtrochez1"]
[Black "lame wolf"]
[Result "1-0"]
[WhiteCountry "HON"]
[BlackCountry "INT"]
[WhiteElo "1551"]
[WhiteRD "51"]
[BlackElo "1078"]
[BlackRD "55"]
[GameID "234326"]

1. e4 e5 2. Nf3 Nc6 3. Bb5 a6 4. Bxc6 dxc6 5. O-O Bd6 6. h3 Nf6 7. d3 O-O 8. Nc3 b5 9. Be3 Bb7 10. Ne2 c5
11. c3 c6 12. Qc2 c4 13. d4 exd4 14. cxd4 c5 15. dxc5 Bc7 16. Rad1 Bc6 17. Rxd8 Raxd8 18. Ng3 Rfe8 19. Bg5 Bxg3 20. Bxf6 Bc7
21. Bxd8 Rxd8 22. e5 Bxf3 23. gxf3
1-0

[Event "Next Stop Spain!"]
[Site "SchemingMind.com"]
[Date "2010.01.15"]
[Round "-"]
[White "jtrochez1"]
[Black "lemmie"]
[Result "1-0"]
[WhiteCountry "HON"]
[BlackCountry "NED"]
[WhiteElo "1547"]
[WhiteRD "52"]
[BlackElo "1575"]
[BlackRD "51"]
[GameID "234327"]

1. e4 e5 2. Nf3 Nc6 3. Bb5 a6 4. Bxc6 dxc6 5. Nxe5 Qd4 6. Nf3 Qxe4+ 7. Qe2 Qxe2+ 8. Kxe2 Nf6 9. h3 Be6 10. d3 g6
11. Bf4 Bd6 12. Bxd6 cxd6 13. Re1 O-O 14. Kf1 d5 15. Nc3 Rae8 16. a3 Nh5 17. Rad1 Nf4 18. Ne2 Nxe2 19. Rxe2 c5 20. c3 b5
21. Rde1 d4 22. Nd2 dxc3 23. bxc3 c4 24. d4 Rd8 25. Nf3 Bf5 26. Kg1 Be6 27. Ng5 Bf5 28. Re7 h6 29. Nf3 Be6 30. Kf1 Ra8
31. Ne5 a5 32. Nxg6 fxg6 33. R1xe6 g5 34. Rxh6 Rf7 35. Rg6+ Kf8 36. Re5 b4 37. Rexg5 b3 38. Rg8+
1-0

[Event "Next Stop Spain!"]
[Site "SchemingMind.com"]
[Date "2010.01.13"]
[Round "-"]
[White "jtrochez1"]
[Black "Darnell"]
[Result "1-0"]
[WhiteCountry "HON"]
[BlackCountry "CAN"]
[WhiteElo "1547"]
[WhiteRD "52"]
[BlackElo "1387"]
[BlackRD "62"]
[GameID "234328"]

1. e4 e5 2. Nf3 Nc6 3. Bb5 a6 4. Bxc6 dxc6 5. d4 exd4 6. O-O Bg4 7. Nbd2 Qd7 8. Kh1 O-O-O 9. Qe1 Bb4 10. a3 Ba5
11. b4 Bb6 12. Ne5 Qe6 13. Nxg4 Qxg4 14. f3 Qg6 15. Bb2 h5 16. c4
1-0

[Event "Next Stop Spain!"]
[Site "SchemingMind.com"]
[Date "2010.01.13"]
[Round "-"]
[White "jtrochez1"]
[Black "BigDaddy"]
[Result "1-0"]
[WhiteCountry "HON"]
[BlackCountry "AUT"]
[WhiteElo "1589"]
[WhiteRD "51"]
[BlackElo "1376"]
[BlackRD "58"]
[GameID "234329"]

1. e4 e5 2. Nf3 Nc6 3. Bb5 a6 4. Bxc6 dxc6 5. d4 exd4 6. Nxd4 c5 7. Nf3 Qxd1+ 8. Kxd1 Bg4 9. Nd2 Bxf3+ 10. Nxf3 Nf6
11. e5 Ne4 12. Be3 c4 13. c3 Bc5 14. Ke2 O-O-O 15. Bxc5 Nxc5 16. Rhd1 Rxd1 17. Rxd1 Rd8 18. Rxd8+ Kxd8 19. Nd2 b5 20. b4 Nd7
21. f4 f6 22. e6 Nf8 23. f5 g6 24. g4 g5 25. a3 Ke7 26. Ne4 h6 27. Ke3 c6 28. Kd4 Kd8 29. Nxf6 Ke7 30. Ng8+ Ke8
31. Nxh6 Ke7 32. Nf7 Kf6 33. Nxg5 Kxg5 34. e7 Nd7 35. e8=Q Nf6 36. Qg6+ Kf4 37. Qxf6 Kxg4 38. Qe6 Kf4 39. f6 Kg5 40. f7 Kf4
41. f8=Q+ Kg5 42. Qff5+ Kh4 43. Qg4#
1-0

[Event "Next Stop Spain!"]
[Site "SchemingMind.com"]
[Date "2010.01.13"]
[Round "-"]
[White "lame wolf"]
[Black "jtrochez1"]
[Result "0-1"]
[WhiteCountry "INT"]
[BlackCountry "HON"]
[WhiteElo "1078"]
[WhiteRD "55"]
[BlackElo "1551"]
[BlackRD "51"]
[GameID "234330"]

1. e4 e5 2. Nf3 Nc6 3. Bb5 a6 4. Bxc6 bxc6 5. d4 exd4 6. Nxd4 Bc5 7. Be3 Qf6 8. O-O Ne7 9. c3 Bb7 10. Nd2 O-O-O
11. Qf3 Qxf3 12. N2xf3 Bxd4 13. cxd4 f6 14. b3 g5 15. Rad1 h5 16. b4 d5 17. a3 h4 18. exd5 Nxd5 19. h3 Nf4 20. Bxf4 gxf4
21. Rfe1 Rde8 22. Rxe8+ Rxe8
0-1

[Event "Next Stop Spain!"]
[Site "SchemingMind.com"]
[Date "2010.01.15"]
[Round "-"]
[White "lemmie"]
[Black "jtrochez1"]
[Result "1-0"]
[WhiteCountry "NED"]
[BlackCountry "HON"]
[WhiteElo "1577"]
[WhiteRD "55"]
[BlackElo "1551"]
[BlackRD "51"]
[GameID "234331"]

1. e4 e5 2. Nf3 Nc6 3. Bb5 a6 4. Bxc6 bxc6 5. Nxe5 Nf6 6. Nc3 Be7 7. d3 h6 8. Be3 O-O 9. O-O Bb7 10. Qd2 d6
11. Nf3 Ng4 12. h3 Nxe3 13. Qxe3 Bf6 14. Rab1 Re8 15. Rfe1 c5 16. Qf4 Be5 17. Nxe5 dxe5 18. Qg3 Qg5 19. Qf3 Re6 20. Na4 Rf6
21. Qg3 Qxg3 22. fxg3 Rc6 23. c4 Bc8 24. Nc3 Be6 25. b3 a5 26. Nb5 f5 27. exf5 Bxf5 28. Rxe5 Bxd3 29. Rbe1 a4 30. R1e3 axb3
31. axb3 Bg6 32. Re6 Rxe6 33. Rxe6 Bc2 34. Nxc7 Ra1+ 35. Kh2 Bxb3 36. Rc6 Bxc4 37. Rxc5 Bf1 38. Rf5 Bd3 39. Rf3 Bf1 40. Ne6 Ra2
41. Rxf1
1-0

[Event "Next Stop Spain!"]
[Site "SchemingMind.com"]
[Date "2010.01.13"]
[Round "-"]
[White "BigDaddy"]
[Black "jtrochez1"]
[Result "0-1"]
[WhiteCountry "AUT"]
[BlackCountry "HON"]
[WhiteElo "1376"]
[WhiteRD "58"]
[BlackElo "1589"]
[BlackRD "51"]
[GameID "234333"]

1. e4 e5 2. Nf3 Nc6 3. Bb5 a6 4. Bxc6 bxc6 5. O-O d6 6. d3 Bg4 7. Nc3 h6 8. h3 Bh5 9. g4 Bg6 10. Qe2 Be7
11. Be3 Bf6 12. d4 exd4 13. Bxd4 Bxd4 14. Nxd4 Ne7 15. f4 O-O 16. f5 Bh7 17. Nf3 f6 18. Nd4 Qb8 19. Qc4+ Kh8 20. Ne6 Bg8
21. Qb3 Qa7+ 22. Rf2 Rfb8 23. Qa3 Bxe6 24. fxe6 Re8 25. Qb4 Rab8 26. Qa3 d5 27. exd5 cxd5 28. Nb5 Rxb5 29. b3 a5 30. c4 dxc4
31. bxc4 Re5 32. Qa4 Rxe6 33. Qxe8+ Kh7 34. Rd1 Re2 35. Rf1 Rxf2 36. Rxf2 Qe3 37. Kg2 Qe4+ 38. Rf3 Qe5 39. Qd7 Qe2+ 40. Rf2 Qe4+
41. Rf3 Ng6 42. Qf5 Qxf5 43. Kg3 Qc2 44. h4 Qxc4 45. h5 Ne5 46. Rf5 Qxg4+ 47. Kh2 Qxf5 48. Kg3 Qf3+ 49. Kh2 Qxh5+ 50. Kg3 Qf3+
51. Kh2 Ng4+ 52. Kg1 Qf2+ 53. Kh1 Qh2#
0-1

[Event "Next Stop Spain!"]
[Site "SchemingMind.com"]
[Date "2010.01.10"]
[Round "-"]
[White "MOIMOI"]
[Black "lame wolf"]
[Result "1-0"]
[WhiteCountry "POL"]
[BlackCountry "INT"]
[WhiteElo "1568"]
[WhiteRD "51"]
[BlackElo "1052"]
[BlackRD "44"]
[GameID "234531"]

1. e4 e5 2. Nf3 Nc6 3. Bb5 a6 4. Bxc6 dxc6 5. O-O Bd6 6. a3 Bg4 7. c3 Bxf3 8. Qxf3 Bc5 9. Qg3 g6 10. Qxe5+ Ne7
11. Qxh8+ Kd7 12. Qxh7 Qg8 13. Qxg8 Nxg8 14. d4 Be7 15. f4 f5 16. exf5 gxf5 17. Be3 Nf6 18. h3 b6 19. Nd2 Ne4 20. Nxe4 fxe4
21. g4 Rf8 22. Kg2 b5 23. Kg3 a5 24. g5
1-0

[Event "Next Stop Spain!"]
[Site "SchemingMind.com"]
[Date "2010.01.15"]
[Round "-"]
[White "MOIMOI"]
[Black "lemmie"]
[Result "1-0"]
[WhiteCountry "POL"]
[BlackCountry "NED"]
[WhiteElo "1568"]
[WhiteRD "51"]
[BlackElo "1630"]
[BlackRD "48"]
[GameID "234533"]

1. e4 e5 2. Nf3 Nc6 3. Bb5 a6 4. Bxc6 dxc6 5. Nxe5 Qg5 6. Nf3 Qxg2 7. Rg1 Qh3 8. Rg3 Qe6 9. d3 Bd6 10. Rxg7 Ne7
11. Ng5 Qd7 12. Rxf7 Bxh2 13. Qh5 Be5 14. Rxh7+
1-0

[Event "Next Stop Spain!"]
[Site "SchemingMind.com"]
[Date "2010.01.09"]
[Round "-"]
[White "MOIMOI"]
[Black "Darnell"]
[Result "0-1"]
[WhiteCountry "POL"]
[BlackCountry "CAN"]
[WhiteElo "1597"]
[WhiteRD "54"]
[BlackElo "1469"]
[BlackRD "63"]
[GameID "234534"]

1. e4 e5 2. Nf3 Nc6 3. Bb5 a6 4. Bxc6 dxc6 5. Nxe5 Qd4 6. Qh5 g6 7. c3 Qxe4+ 8. Qe2 Bf5 9. Qxe4 Bxe4 10. O-O Bd6
11. d4 c5 12. Nd2 cxd4 13. cxd4 Bd5 14. Re1 Kf8 15. Nd7+ Kg7 16. Nf1 Nf6 17. Ne5 c5 18. Ne3 cxd4 19. Nxd5 Nxd5 20. Ng4 h5
21. Bh6+ Kg8 22. Rad1 hxg4 23. Rxd4 Rxh6 24. Rxd5 Bxh2+ 25. Kf1 Bf4 26. Kg1 Rc8 27. g3 Bg5 28. Rxg5 f5 29. Kg2 Kf7 30. f3 Rc2+
31. Kg1 Kf6 32. f4 Rxb2 33. Re8 Kf7 34. Rb8 Rhh2 35. Rc8 Rhc2 36. Rxc2 Rxc2
0-1

[Event "Next Stop Spain!"]
[Site "SchemingMind.com"]
[Date "2010.01.09"]
[Round "-"]
[White "MOIMOI"]
[Black "BigDaddy"]
[Result "0-1"]
[WhiteCountry "POL"]
[BlackCountry "AUT"]
[WhiteElo "1568"]
[WhiteRD "51"]
[BlackElo "1336"]
[BlackRD "50"]
[GameID "234535"]

1. e4 e5 2. Nf3 Nc6 3. Bb5 a6 4. Bxc6 dxc6 5. Nxe5 Qd4 6. Qh5 Qxe4+ 7. Kd1 g6 8. Qe2 Qxg2 9. Nxg6+ Be6 10. Re1 Qxg6
11. d3 O-O-O 12. Qe3 Bb4 13. c3 Rxd3+ 14. Nd2 Rxe3 15. Rxe3 Qg1+ 16. Re1 Qxf2 17. cxb4 Bg4+ 18. Kc2 Qxe1 19. b3 Qe5 20. Bb2 Bf5+
21. Kd1 Qxb2 22. Rb1 Bxb1 23. Nxb1 Qxb1+ 24. Kd2 Qxa2+ 25. Kc3 Qxh2 26. Kd4 Nf6 27. Kc3 Qh4 28. Kb2 Rd8 29. Ka3 Nd5 30. Kb2 Qxb4
31. Kc1 Ne3 32. Kb2 Rd2+ 33. Kc1 Rd1+ 34. Kb2 Rd2+ 35. Ka1 Qc3+ 36. Kb1 Qb2#
0-1

[Event "Next Stop Spain!"]
[Site "SchemingMind.com"]
[Date "2010.01.10"]
[Round "-"]
[White "lame wolf"]
[Black "MOIMOI"]
[Result "0-1"]
[WhiteCountry "INT"]
[BlackCountry "POL"]
[WhiteElo "1052"]
[WhiteRD "44"]
[BlackElo "1568"]
[BlackRD "51"]
[GameID "234536"]

1. e4 e5 2. Nf3 Nc6 3. Bb5 a6 4. Bxc6 bxc6 5. d4 exd4 6. Qxd4 d6 7. Be3 c5 8. Qd5 Be6 9. Qc6+ Bd7 10. Qd5 Nf6
11. Qc4 Bb5 12. Qc3 Nxe4 13. Qb3 c4 14. Qb4 c5 15. Qa3 d5 16. Nbd2 f5 17. Nxe4 fxe4 18. Bxc5 Bxc5 19. Qxc5 exf3 20. g3 Qe7+
21. Qxe7+ Kxe7 22. O-O c3 23. bxc3 Bxf1 24. Kxf1 Rac8 25. Kg1 Rxc3
0-1

[Event "Next Stop Spain!"]
[Site "SchemingMind.com"]
[Date "2010.01.11"]
[Round "-"]
[White "jtrochez1"]
[Black "MOIMOI"]
[Result "1-0"]
[WhiteCountry "HON"]
[BlackCountry "POL"]
[WhiteElo "1547"]
[WhiteRD "52"]
[BlackElo "1599"]
[BlackRD "54"]
[GameID "234537"]

1. e4 e5 2. Nf3 Nc6 3. Bb5 a6 4. Bxc6 bxc6 5. Nc3 Bb4 6. O-O f6 7. d4 d6 8. h3 Be6 9. d5 cxd5 10. exd5 Bf7
11. Ne4 Ne7 12. c4 Bh5 13. Ng3 Bxf3 14. Qxf3 O-O 15. a3 Bc5 16. b4 Bd4 17. Rb1 Nc8 18. Qb3 Ne7 19. Kh1 Qe8 20. Be3 Rb8
21. Bxd4 exd4 22. Qd3 c5 23. Rfe1 Qd7 24. Kh2 g6 25. f4 f5 26. b5 axb5 27. cxb5 Nxd5 28. Ne2 Rfe8 29. Ng3 Rxe1 30. Rxe1 Rxb5
31. Nf1 Nxf4 32. Qf3 g5 33. Qa8+ Kg7 34. Re8 Ng6 35. Ng3 Kh6 36. Rd8 Qc6 37. Qxc6
1-0

[Event "Next Stop Spain!"]
[Site "SchemingMind.com"]
[Date "2010.01.15"]
[Round "-"]
[White "lemmie"]
[Black "MOIMOI"]
[Result "1-0"]
[WhiteCountry "NED"]
[BlackCountry "POL"]
[WhiteElo "1630"]
[WhiteRD "48"]
[BlackElo "1568"]
[BlackRD "51"]
[GameID "234538"]

1. e4 e5 2. Nf3 Nc6 3. Bb5 a6 4. Bxc6 bxc6 5. Nxe5 Qg5 6. Nf3 Qxg2 7. Rg1 Qh3 8. d3 f6 9. Be3 d6 10. Nbd2 Nh6
11. c3 Ng4 12. Rg3 Qh5 13. Qa4 Bd7 14. O-O-O c5 15. Qb3 Be7 16. Rdg1 f5 17. exf5 Bxf5 18. h3 Nxe3 19. fxe3 g6 20. e4 Bd7
21. Qb7 O-O 22. Qxc7 Rad8 23. Ng5 Qh4 24. Nxh7 Qxh7 25. Rxg6+ Kh8 26. e5 d5 27. e6 Bf6 28. exd7 Rxd7 29. Qxc5 Rdf7 30. Qxd5 Rg7
31. Rxg7 Bxg7 32. Qd7 Rg8 33. Kc2 Qh4 34. Ne4 a5 35. a3 a4 36. Qg4 Qd8 37. Qh5+
1-0

[Event "Next Stop Spain!"]
[Site "SchemingMind.com"]
[Date "2010.01.09"]
[Round "-"]
[White "Darnell"]
[Black "MOIMOI"]
[Result "1-0"]
[WhiteCountry "CAN"]
[BlackCountry "POL"]
[WhiteElo "1469"]
[WhiteRD "63"]
[BlackElo "1597"]
[BlackRD "54"]
[GameID "234539"]

1. e4 e5 2. Nf3 Nc6 3. Bb5 a6 4. Bxc6 bxc6 5. Nxe5 Qg5 6. Nf3 Qxg2 7. Rg1 Qh3 8. Nc3 g6 9. d4 Nf6 10. Rg3 Qe6
11. Ng5 Qe7 12. Rg1 d6 13. Qd3 h5 14. Bd2 Ng4 15. h3 Nxf2 16. Kxf2 Bh6 17. Raf1 O-O 18. Ke1 f5 19. Kd1 Bxg5 20. Bxg5 Qf7
21. Bh6 Be6 22. Bxf8 Kxf8 23. exf5 Bxf5 24. Rxf5 gxf5 25. Rg5 Ke7 26. Rxf5 Qg7 27. Kc1 Qg1+ 28. Rf1 Qg5+ 29. Kb1 Rf8 30. Qe2+ Kd7
31. Rxf8 Qg6 32. Qxa6 Ke7 33. Rf1 Kd7 34. b3 Qg3 35. Qe2 Qxc3 36. Rf7+ Kc8 37. Qa6+
1-0

[Event "Next Stop Spain!"]
[Site "SchemingMind.com"]
[Date "2010.01.09"]
[Round "-"]
[White "BigDaddy"]
[Black "MOIMOI"]
[Result "0-1"]
[WhiteCountry "AUT"]
[BlackCountry "POL"]
[WhiteElo "1336"]
[WhiteRD "50"]
[BlackElo "1568"]
[BlackRD "51"]
[GameID "234540"]

1. e4 e5 2. Nf3 Nc6 3. Bb5 a6 4. Bxc6 bxc6 5. O-O d6 6. d4 Bg4 7. Be3 h6 8. Nc3 g5 9. h3 Bh5 10. g4 Bg6
11. Qd2 Bg7 12. d5 c5 13. b3 f6 14. a4 h5 15. Nh2 hxg4 16. Nxg4 Rxh3 17. Kg2 Rh4 18. f3 Bh5 19. Bf2 f5 20. Bxh4 gxh4
21. Ne3 Qg5+ 22. Kf2 Qg3+ 23. Ke2 Bh6 24. Qe1 Qh2+ 25. Qf2 Qf4 26. Ncd1 fxe4 27. Kd2 exf3 28. Rg1 Nf6 29. Rh1 Ne4+ 30. Kd3 Nxf2+
31. Nxf2 Qxe3+ 32. Kc4 Qd4#
0-1